000 01177nam a22003017a 4500
005 20180308100243.0
010 _aBAC-EN21 ENG-111738
020 _a9788131212592
_c450.00
020 _a9788131212592
_c495.00 (AV)
035 _aEN-95270
035 _aB-588621-646
035 _aB-665101
037 _bPrakashan Sansthan/Ven
_adpl
037 _bDBAD/PUB
082 _a004.65
100 _aMcCabe, James D.
245 _aNetwork analysis architecture and design /
_cby James D. McCabe
250 _a3rd ed
260 _aNew Delhi
_bElsevier
_c2014(repr.)
270 _a305, Rohit House, 3 Tolstoy Marg,
_bNew Delhi
_e110001
300 _axx,473p. :
_c24cm(pbk)
_bill.
490 _aThe Morgan Kaufmann series in networking /edited by David Clark
500 _aIncludes bibliographical references and index
650 _aComputer networks
_xDesign and construction.
942 _2ddc
_cEN
_mMCC
_h004.65
999 _c89148
_d89148